000 01281nam a22003257a 4500
003 CHAP
005 20220329143817.0
008 110921s1996 mx a r 00010 spa d
010 _a102162
011 _a103134
035 _a113823
040 _cCHAP
082 0 4 _a628.53
_bP94
245 0 0 _aPrograma para mejorar la calidad del aire en el valle de México 1995 -- 2000
_c/por Departamento del Distrito Federal, Gobierno del Estado de México, SEMARNAP y Secretaría de Salud
260 _aMéxico, D.F. :
_bFideicomiso Ambiental del Valle de México,
_c1996
300 _a244 p. :
_bilus.,cuadros, gráfs.
590 _aBATCH-UPD
_b10
_c20130110
_lUCH01
_h0904
590 _aBATCH-UPD
_b10
_c20130410
_lUCH01
_h0532
590 _aBATCH-UPD
_b10
_c20130913
_lUCH01
_h2330
590 _aCONVERSION
_b10
_c20130109
_lUCH01
_h1356
650 1 4 _aAire
_xContaminación.
_93138
650 1 4 _aImpacto ambiental.
_957465
710 0 _aMéxico. Secretaría de Medio Ambiente, Recursos Naturales y Pesca.
_977201
710 0 _aMéxico. Secretaría de Salud.
_977229
710 2 _aDepartamento del Distrito Federal.
_931838
710 2 _aMéxico. Gobierno del Estado.
_977067
901 _aBK
942 _cLIBRO
949 _a628.53 P94
_bBC
_cLIBRO
_d33724002310900
_eLIBRO
_h115852
_i113823
_si
999 _c102162
_d102162